00301nam a2200109Ia 4500008004100000041001200041100001600053245005900069260003500128650001600163700001200179221030s9999 xx 000 0 und d aEnglish aV. P. Jaggi 0aIntroductory Computer Sciencecby V. P. Jaggi, S. Jain bAcademic Pub.aNew Delhic1996 aBB Computer aS. Jain